000 00758nam a22002177a 4500
005 20120507104412.0
008 120507t xxu||||| |||| 00| 0 eng d
010 _aENG-105208
020 _a9788184002270
_c150.00
035 _aEN-88741
037 _bDBAD/PUB
040 _aDPL
_bEng
082 _a828
100 _aD'Souza, Clyde
_946516
245 _aKissing ass :
_cby Clyde D'Souza
_bthe art of office politics /
260 _aNoida
_bRandom House Publishers
_c2012
270 _aWindsor IT Park, 7th Floor, Tower-B, A-1, Sector-125
_bNoida
_e201301
300 _axxiv,236p.
_c21cm(pbk)
942 _2ddc
_cEN
_mDSO
_h828
999 _c66242
_d66242